000 00938cam a22003137a 4500
003 CHAP
005 20220329133008.0
008 971013s1990 r 00010 d
010 _a1062
011 _a2034
035 _a1220
040 _cCHAP
082 0 4 _a153.1
_bA4
100 0 0 _aAguilar, Mariflor.
_92893
245 1 0 _aCrítica del sujeto
260 _aMéxico, D. F. :
_bUNAM. Fac. de Filosofía y Letras,
_c1990
300 _a237 p.
490 0 _aColección seminarios
590 _aBATCH-UPD
_b10
_c20130110
_lUCH01
_h2021
590 _aBATCH-UPD
_b10
_c20130410
_lUCH01
_h1339
590 _aBATCH-UPD
_b10
_c20130914
_lUCH01
_h1000
590 _aCONVERSION
_b10
_c20130109
_lUCH01
_h1302
650 1 4 _aAntropologia filosofica.
_96143
650 1 4 _aCognición.
_924357
830 0 _aColección seminarios
_924979
901 _aBK
942 _cLIBRO
949 _a153.1 A4
_bBC
_cLIBRO
_d-10684
_eLIBRO
_gI. c/e
_h78855
_i1220
_si
_t32.00
999 _c1062
_d1062